• 首页
  • 本馆介绍
  • 公告通知
  • 最新文献
  • 馆藏检索
  • 电子资源
  • 读者导购
  • 参考咨询
  • 我的图书馆
  • 登录
  • 详细信息显示
  • 放入我的书架
  • 预约/预借图书
  • 作者相关作品
  • 分类相关作品
  • 丛书相关作品
  • 出版社相关作品

书目信息

  • 表格格式
  • 工作单格式
  • 卡片格式
题名:
建筑结构抗震设计
    
 
作者: 李国强 , 李杰 , 苏小卒 编著
分册:  
出版信息: 北京   中国建筑工业出版社  2009
页数: 292页
开本: 24cm
丛书名:
单 册:
中图分类: TU352.104
科图分类:
主题词: 建筑结构--高等学校--抗震设计--教材
电子资源:
ISBN: 978-7-112-10970-8
000 00941nam0 2200265 450
001 3276
005 20160926092721.31
010    @a978-7-112-10970-8@b平装@dCNY32.00
100    @a20090714d2009 km y0chiy0120 ea
101 0  @achi
102    @aCN@b110000
105    @aak z 000yy
200 1  @a建筑结构抗震设计@f李国强,李杰,苏小卒编著@AJian Zhu Jie Gou Kang Zhen She Ji
205    @a3版
210    @a北京@c中国建筑工业出版社@d2009
215    @a292页@c图表@d24cm
300    @a高校土要工程专业指导委员会规划推荐教材 普通高等教育“十一五”国家级规划教材 普通高等教育土建学科专业“十一五”规划教材
330    @a本书主要内容包括:结论、场地与地基、结构地震反应分析与抗震计算、多层砌体结构抗震设计等。
606 0  @a建筑结构@x高等学校@x抗震设计@j教材
690    @aTU352.104@v4
701  0 @a李国强@4编著
701  0 @a李杰@4编著
701  0 @a苏小卒@4编著
801  0 @aCN@b唐山师范学院图书馆@c20151001
905    @aZUCC@dTU352.104@e821=3
    
    建筑结构抗震设计/李国强,李杰,苏小卒编著.-3版.-北京:中国建筑工业出版社,2009
    292页:图表;24cm
    高校土要工程专业指导委员会规划推荐教材 普通高等教育“十一五”国家级规划教材 普通高等教育土建学科专业“十一五”规划教材
    
    ISBN 978-7-112-10970-8(平装):CNY32.00
    本书主要内容包括:结论、场地与地基、结构地震反应分析与抗震计算、多层砌体结构抗震设计等。
●
相关链接 在E读中查询图书 在五车中查询图书 在当当中查询图书 在豆瓣中查询图书


正题名:建筑结构抗震设计     索取号:TU352.104/821=3         预约/预借

序号 登录号 条形码 馆藏地/架位号 状态 备注
1 904152   209041525   第二样本阅览室/ [索取号:TU352.104/821=3] 在馆    
2 904153   209041534   第三借阅区/ [索取号:TU352.104/821=3] 在馆    
3 904154   209041543   第三借阅区/ [索取号:TU352.104/821=3] 在馆    
4 904155   209041552   第三借阅区/ [索取号:TU352.104/821=3] 在馆    
唐山师范学院图书馆 欢迎您!
大连网信软件有限公司© 版权所有